NFL Rushing Leaders after week 14 - Statistics

General Stats
  • This quiz has been taken 18 times
  • The average score is 12 of 15
Answer Stats
Rushing Yards Player % Correct
849 Christian McCaffrey
100%
1,081 Bijan Robinson
93%
1,025 Derrick Henry
93%
1,308 James Cook
93%
1,356 Jonathan Taylor
93%
862 Saquon Barkley
93%
1,062 Jahmyr. Gibbs
87%
817 Josh Jacobs
87%
1,022 Javonte Williams
80%
952 Kyren Williams
80%
929 Rico Dowdle
80%
1,126 De'Von Achane
73%
837 D'Andre Swift
67%
917 Travis Etienne
53%
877 Breece Hall
47%
No matching quizzes found
Score Distribution
Percent of People with Each Score
Percentile by Number Answered
Your Score History
You have not taken this quiz